| 000 | 01090cab a2200397 4500 | ||
|---|---|---|---|
| 001 | ABS60010 | ||
| 008 | 090401t1999 xxu||||| |||| 00| 0 eng d | ||
| 035 | _a(Sirsi) u91163 | ||
| 041 | _aeng | ||
| 245 | _aOffice performance | ||
| 260 | _c1999 | ||
| 350 | _a0 | ||
| 490 |
_aEuroProperty _vDecember/January 1999, 25-30(6) |
||
| 520 | _aA survey of office investment markets in Europe, including the performance of Europe`s top office centres, office rents and yields, and vacancy rates. Graphs. | ||
| 650 | _aAMSTERDAM | ||
| 650 | _aBERLIN | ||
| 650 | _aBOND YIELDS | ||
| 650 | _aBRUSSELS | ||
| 650 | _aFRANKFURT | ||
| 650 | _aINFLATION | ||
| 650 | _aINVESTMENT MARKET | ||
| 650 | _aLISBON | ||
| 650 | _aLONDON | ||
| 650 | _aMADRID | ||
| 650 | _aMILAN | ||
| 650 | _aPROPERTY-COMMERCIAL PROPERTY-OFFICE PROPERTY-OFFICE PROPERTY MARKET | ||
| 650 | _aPARIS | ||
| 650 | _aPRIME RENTS | ||
| 650 | _aPRIME YIELDS | ||
| 650 | _aSTOCKHOLM | ||
| 650 | _aSURVEYS | ||
| 650 | _aVACANCY RATES | ||
| 690 | _aOVERSEAS-EUROPE | ||
| 942 | _n0 | ||
| 948 | _c09/02/1999 | ||
| 999 |
_c57848 _d57848 |
||